|
|
|
|
| LEADER |
02438nam a2200637 a 4500 |
| 001 |
nkc20142646972 |
| 003 |
CZ PrNK |
| 005 |
20200511131734.0 |
| 007 |
ta |
| 008 |
141125s2014 xr e 000 0 cze |
| 015 |
|
|
|a cnb002646972
|
| 020 |
|
|
|a 978-80-905309-5-9
|q (brož.)
|
| 035 |
|
|
|a (OCoLC)903090187
|
| 040 |
|
|
|a BOA001
|b cze
|
| 041 |
1 |
|
|a cze
|h eng
|
| 043 |
|
|
|a x------
|
| 045 |
|
|
|a x4y1
|
| 072 |
|
7 |
|a 327
|x Mezinárodní vztahy, světová politika
|2 Konspekt
|9 15
|
| 080 |
|
|
|a 321.01
|2 MRF
|
| 080 |
|
|
|a 32.019.5
|2 MRF
|
| 080 |
|
|
|a 327.5
|2 MRF
|
| 080 |
|
|
|a 327.2
|2 MRF
|
| 080 |
|
|
|a 327(100)
|2 MRF
|
| 080 |
|
|
|a (100-15)
|2 MRF
|
| 080 |
|
|
|a (047.53)
|2 MRF
|
| 100 |
1 |
|
|a Chomsky, Noam,
|d 1928-
|7 jn19990003846
|4 aut
|
| 245 |
1 |
0 |
|a Západní terorismus :
|b od Hirošimy k dronové válce /
|c Noam Chomsky a Andre Vltchek ; [z anglického originálu ... přeložila Barbora Votavová]
|
| 250 |
|
|
|a Vyd. 1.
|
| 260 |
|
|
|a Olomouc :
|b Broken Books,
|c 2014
|
| 300 |
|
|
|a 170 s. ;
|c 21 cm
|
| 500 |
|
|
|a Chronologický přehled
|
| 600 |
1 |
7 |
|a Chomsky, Noam,
|d 1928-
|7 jn19990003846
|2 czenas
|
| 600 |
1 |
7 |
|a Vltchek, Andre,
|d 1963-2020
|7 xx0154284
|2 czenas
|
| 648 |
|
7 |
|a od 1945
|7 ch601408
|2 czenas
|
| 648 |
|
4 |
|a 1945-2013
|
| 650 |
0 |
7 |
|a politická moc
|7 ph115788
|z západní země
|y od 1945
|2 czenas
|
| 650 |
0 |
7 |
|a propaganda
|7 ph124645
|z západní země
|y od 1945
|2 czenas
|
| 650 |
0 |
7 |
|a imperialismus
|7 ph121038
|y od 1945
|2 czenas
|
| 650 |
0 |
7 |
|a velmoci
|7 ph127017
|y od 1945
|2 czenas
|
| 650 |
0 |
7 |
|a světová politika
|7 ph126325
|y od 1945
|2 czenas
|
| 650 |
0 |
9 |
|a political power
|z Western countries
|y od 1945
|2 eczenas
|
| 650 |
0 |
9 |
|a propaganda
|z Western countries
|y od 1945
|2 eczenas
|
| 650 |
0 |
9 |
|a imperialism
|y od 1945
|2 eczenas
|
| 650 |
0 |
9 |
|a great powers
|y od 1945
|2 eczenas
|
| 650 |
0 |
9 |
|a world politics
|y od 1945
|2 eczenas
|
| 655 |
|
7 |
|a rozhovory
|7 fd133303
|2 czenas
|
| 655 |
|
9 |
|a interviews
|2 eczenas
|
| 700 |
1 |
|
|a Vltchek, Andre,
|d 1963-2020
|7 xx0154284
|4 aut
|
| 765 |
0 |
|
|t On western terrorism
|9 Česky
|
| 910 |
2 |
|
|a BOA001
|b 2-1337.491
|
| 990 |
|
|
|a BK
|
| 995 |
|
|
|a 01
|
| 991 |
|
|
|b 201412
|c NOV
|e n
|
| 996 |
6 |
|
|b 2610613614
|c 2-1337.491
|l MZK
|r Sklad / do 1 hodiny
|n 8
|p p.v.
|w 001474990
|u 000010
|a 1
|e BOA001
|j MZK50
|s P
|
| 996 |
7 |
|
|b 2610624269
|c 2-1337.491
|l Vol.výběr
|r VV 0p
|n 16
|p kup
|h 327 CHOM
|w 001474990
|u 000020
|a 0
|e BOA001
|j MZK50
|s A
|
| 996 |
7 |
|
|b 2610822958
|c 2-1337.491
|l Vol.výběr
|r VV 0p
|n 9
|p kup
|h 327 CHOM
|w 001474990
|u 000030
|a 0
|e BOA001
|j MZK50
|s A
|